Účinky zápisu priemyselného vzoru
Práva majiteľa priemyselného vzoru. Využívateľ priemyselného vzoru. Súhlas (licencia) na využívanie priemyselného vzoru. Prevod a spolumajiteľstvo priemyselného vzoru. Obmedzenie účinkov zápisu a zánik práva k priemyselnému vzoru. Výmaz priemyselného vzoru.
Gespeichert in:
| 1. Verfasser: | |
|---|---|
| Weitere Verfasser: | |
| Format: | Buchkapitel |
| Sprache: | Slowakisch |
| Schlagworte: | |
| Tags: |
Keine Tags, Fügen Sie das erste Tag hinzu!
|
MARC
| LEADER | 00000naa a2200000 4500 | ||
|---|---|---|---|
| 001 | r042033 | ||
| 005 | 20230529124932.4 | ||
| 041 | 0 | |a slo | |
| 044 | |a SK | ||
| 245 | 1 | 0 | |a Účinky zápisu priemyselného vzoru |c Peter Vojčík, Stanislav Vyparina |
| 520 | |a Práva majiteľa priemyselného vzoru. Využívateľ priemyselného vzoru. Súhlas (licencia) na využívanie priemyselného vzoru. Prevod a spolumajiteľstvo priemyselného vzoru. Obmedzenie účinkov zápisu a zánik práva k priemyselnému vzoru. Výmaz priemyselného vzoru. | ||
| 610 | 2 | 0 | |a vzory priemyselné |
| 610 | 2 | 0 | |a vzory chránené |
| 610 | 2 | 0 | |a prevod práva zaisťovací |
| 610 | 2 | 0 | |a zánik práva |
| 610 | 2 | 0 | |a úpravy právne |
| 610 | 2 | 0 | |a Slovensko |
| 100 | 1 | |a Vojčík, Peter | |
| 700 | 1 | |a Vyparina, Stanislav | |